[Event "M7 Gruppe 1"]
[Site "Koge"]
[Date "2005.03.22"]
[Round "1"]
[White "Christensen, Bo Garner"]
[Black "Andersen, Dan"]
[Result "1-0"]
[WhiteElo "2279"]
[BlackElo "2294"]
[PlyCount "99"]
[EventDate "2005.03.22"]
[EventType "tourn"]
[EventRounds "7"]
[EventCountry "DEN"]

1. e4 c6 2. d4 d5 3. e5 Bf5 4. Nf3 e6 5. Be2 Ne7 6. O-O Nd7 7. Be3 h6 8. Nbd2
g5 9. Nb3 Bg6 10. Qd2 Nf5 11. a4 Be7 12. a5 Kf8 13. g4 Nxe3 14. fxe3 Kg7 15.
Bd3 Bxd3 16. cxd3 Qe8 17. Rf2 f5 18. gxf5 exf5 19. Raf1 Qg6 20. Ne1 Raf8 21.
Ng2 Kg8 22. Kh1 Kh7 23. Nc1 h5 24. Ne2 h4 25. Ng1 Rhg8 26. Nh3 Nb8 27. Qe2 Na6
28. Rg1 g4 29. Nhf4 Qh6 30. h3 gxh3 31. Nxh3 Rg3 32. Ngf4 Rfg8 33. Rfg2 Bg5 34.
Rxg3 hxg3 35. Kg2 Bh4 36. Rh1 Rg4 37. Qf3 Kg8 38. Nxd5 cxd5 39. Qxf5 Rg7 40.
Nf4 Qc6 41. Ne6 Qc2+ 42. Kh3 Qf2 43. Qxf2 gxf2 44. Nxg7 Kxg7 45. Kxh4 Nb4 46.
Kg3 Nxd3 47. b3 Kg6 48. Kg2 Kf5 49. Rd1 Nb4 50. Kxf2 1-0

[Event "M7 Gruppe 1"]
[Site "Koge"]
[Date "2005.03.22"]
[Round "1"]
[White "Paaske, Asger"]
[Black "Andersen, Tom Juul"]
[Result "1/2-1/2"]
[WhiteElo "2111"]
[BlackElo "2111"]
[PlyCount "40"]
[EventDate "2005.03.22"]
[EventType "tourn"]
[EventRounds "7"]
[EventCountry "DEN"]

1. e4 d5 2. exd5 Nf6 3. d4 Nxd5 4. Nf3 g6 5. Be2 Bg7 6. c4 Nb6 7. O-O O-O 8.
Nc3 Nc6 9. d5 Na5 10. c5 Bxc3 11. cxb6 Bg7 12. Bf4 axb6 13. b4 Bxa1 14. Qxa1 f6
15. bxa5 Qxd5 16. Qc3 Qe4 17. Bh6 Qxe2 18. Bxf8 Kxf8 19. Qxc7 Qxa2 20. axb6 Qd5
1/2-1/2

[Event "M7 Gruppe 1"]
[Site "Koge"]
[Date "2005.03.22"]
[Round "1"]
[White "Jakobsen, Peter"]
[Black "Willumsen, Niels Henrik"]
[Result "1-0"]
[WhiteElo "2189"]
[BlackElo "2156"]
[PlyCount "63"]
[EventDate "2005.03.22"]
[EventType "tourn"]
[EventRounds "7"]
[EventCountry "DEN"]

1. c4 e5 2. g3 Nc6 3. Bg2 Nf6 4. Nc3 Bc5 5. a3 d6 6. e3 O-O 7. Nge2 Re8 8. d3
a5 9. O-O Bg4 10. h3 Bh5 11. b3 Qd7 12. Bb2 Bg6 13. Nd5 Nxd5 14. cxd5 Ne7 15.
d4 Bb6 16. dxe5 dxe5 17. Bxe5 Rad8 18. Nf4 c6 19. Bd4 Bxd4 20. Qxd4 cxd5 21.
Rac1 Qb5 22. Qa4 Qxa4 23. bxa4 d4 24. exd4 Rxd4 25. Rfe1 Kf8 26. Bxb7 Bf5 27.
Rc5 Rb8 28. Bg2 Rxa4 29. Rc7 Ng6 30. Bd5 Nxf4 31. Rxf7+ Kg8 32. gxf4 1-0

[Event "M7 Gruppe 1"]
[Site "Koge"]
[Date "2005.03.22"]
[Round "1"]
[White "Hvenekilde, Jorgen"]
[Black "Jensen, Jacob Bjerre"]
[Result "1/2-1/2"]
[WhiteElo "2150"]
[BlackElo "2177"]
[PlyCount "37"]
[EventDate "2005.03.22"]
[EventType "tourn"]
[EventRounds "7"]
[EventCountry "DEN"]

1. d4 Nf6 2. Bg5 d5 3. e3 e6 4. Nd2 Be7 5. Bd3 c5 6. c3 Qb6 7. Rb1 cxd4 8. exd4
e5 9. Bxf6 Qxf6 10. dxe5 Qxe5+ 11. Qe2 Qc7 12. Ngf3 O-O 13. O-O Nc6 14. h3 Bd7
15. Nb3 Rfe8 16. Qd2 Ne5 17. Nxe5 Qxe5 18. Rfe1 Qh5 19. Qf4 1/2-1/2

[Event "M7 Gruppe 1"]
[Site "Koge"]
[Date "2005.03.23"]
[Round "2"]
[White "Andersen, Dan"]
[Black "Jensen, Jacob Bjerre"]
[Result "1-0"]
[WhiteElo "2294"]
[BlackElo "2177"]
[PlyCount "57"]
[EventDate "2005.03.22"]
[EventType "tourn"]
[EventRounds "7"]
[EventCountry "DEN"]

1. e4 e6 2. d4 d5 3. Nc3 Bb4 4. e5 c5 5. a3 Ba5 6. b4 cxd4 7. Nb5 Bc7 8. f4 Bd7
9. Nf3 Bxb5 10. Bxb5+ Nd7 11. Bb2 Ne7 12. Nxd4 O-O 13. Qh5 g6 14. Qh3 Nb6 15.
Rd1 a6 16. Be2 Na4 17. Ba1 b5 18. O-O Bb6 19. Kh1 Rc8 20. g4 Bxd4 21. Bxd4 Qd7
22. f5 exf5 23. gxf5 Rxc2 24. Bg4 h5 25. e6 fxe6 26. fxg6 Nf5 27. Bxf5 Rxf5 28.
Rxf5 exf5 29. Qxh5 1-0

[Event "M7 Gruppe 1"]
[Site "Koge"]
[Date "2005.03.23"]
[Round "2"]
[White "Willumsen, Niels Henrik"]
[Black "Hvenekilde, Jorgen"]
[Result "1/2-1/2"]
[WhiteElo "2156"]
[BlackElo "2150"]
[PlyCount "76"]
[EventDate "2005.03.22"]
[EventType "tourn"]
[EventRounds "7"]
[EventCountry "DEN"]

1. e4 e6 2. d4 d5 3. Nc3 Nf6 4. e5 Nfd7 5. f4 c5 6. Nf3 Nc6 7. Be3 Be7 8. Qd2
a6 9. dxc5 Nxc5 10. Qf2 Qa5 11. Bd3 Nb4 12. Rd1 Nbxd3+ 13. cxd3 Bd7 14. O-O g6
15. Nd4 Rc8 16. g4 Na4 17. Nxa4 Qxa4 18. b3 Qb4 19. f5 gxf5 20. gxf5 exf5 21.
Kh1 Be6 22. Nxf5 d4 23. Bxd4 Bd5+ 24. Kg1 Rg8+ 25. Ng3 h5 26. Rc1 Rc6 27. Rxc6
bxc6 28. e6 Bxe6 29. Kh1 c5 30. Bf6 Bxf6 31. Qxf6 Bd5+ 32. Ne4 Bxe4+ 33. dxe4
Qxe4+ 34. Qf3 Rg4 35. Qxe4+ Rxe4 36. Rf5 Re2 37. Rxc5 Rxa2 38. Rxh5 Rb2 1/2-1/2

[Event "M7 Gruppe 1"]
[Site "Koge"]
[Date "2005.03.23"]
[Round "2"]
[White "Andersen, Tom Juul"]
[Black "Jakobsen, Peter"]
[Result "1/2-1/2"]
[WhiteElo "2111"]
[BlackElo "2189"]
[PlyCount "73"]
[EventDate "2005.03.22"]
[EventType "tourn"]
[EventRounds "7"]
[EventCountry "DEN"]

1. d4 d5 2. Nf3 c5 3. g3 Nf6 4. Bg2 e6 5. O-O Nc6 6. c4 Be7 7. cxd5 exd5 8. Nc3
O-O 9. h3 Be6 10. Be3 c4 11. b3 cxb3 12. axb3 h6 13. Ne5 Qc7 14. Nd3 Rfd8 15.
Na4 Ne4 16. Nf4 Bf5 17. g4 Bh7 18. Qc1 Bg5 19. Nxd5 Rxd5 20. f4 Bf6 21. f5 Re8
22. Bf4 Qe7 23. e3 Rdd8 24. Nb2 Bg5 25. Nc4 Bxf4 26. Rxf4 Nf6 27. Bxc6 bxc6 28.
Ne5 Qb7 29. Qc4 c5 30. Qxc5 Qxb3 31. Ra3 Qb2 32. Qxa7 Rxe5 33. dxe5 Rd1+ 34.
Rf1 Rxf1+ 35. Kxf1 Qc1+ 36. Ke2 Qc2+ 37. Ke1 1/2-1/2

[Event "M7 Gruppe 1"]
[Site "Koge"]
[Date "2005.03.23"]
[Round "2"]
[White "Christensen, Bo Garner"]
[Black "Paaske, Asger"]
[Result "1-0"]
[WhiteElo "2279"]
[BlackElo "2111"]
[PlyCount "93"]
[EventDate "2005.03.22"]
[EventType "tourn"]
[EventRounds "7"]
[EventCountry "DEN"]

1. Nf3 Nf6 2. c4 g6 3. Nc3 d5 4. d4 Bg7 5. Qb3 dxc4 6. Qxc4 O-O 7. e4 Nc6 8. d5
Na5 9. Qa4 c6 10. Bg5 cxd5 11. Bxf6 Bxf6 12. Nxd5 Bxb2 13. Rd1 e6 14. Qb4 exd5
15. Qxb2 Qe7 16. e5 Be6 17. Be2 Nc4 18. Qd4 Qb4+ 19. Kf1 Qe7 20. h4 h6 21. g4
b5 22. Qf4 Kg7 23. Nd4 Bd7 24. Bxc4 dxc4 25. Nf5+ Bxf5 26. gxf5 Kh7 27. h5 g5
28. Qe4 f6 29. e6 Rad8 30. Ke2 Kg7 31. Rxd8 Rxd8 32. Rd1 Rxd1 33. Kxd1 Qd8+ 34.
Kc2 Kf8 35. Qe3 a6 36. Qc5+ Kg8 37. Kc1 Qb8 38. Qd5 Kf8 39. Kc2 Qe8 40. Qd6+
Qe7 41. Qxa6 Qc5 42. Qa8+ Ke7 43. Qb7+ Kd6 44. Qd7+ Ke5 45. e7 Qxf2+ 46. Qd2
Qxf5+ 47. Kb2 1-0

[Event "M7 Gruppe 1"]
[Site "Koge"]
[Date "2005.03.24"]
[Round "3"]
[White "Paaske, Asger"]
[Black "Andersen, Dan"]
[Result "1-0"]
[WhiteElo "2111"]
[BlackElo "2294"]
[PlyCount "73"]
[EventDate "2005.03.22"]
[EventType "tourn"]
[EventRounds "7"]
[EventCountry "DEN"]

1. e4 c6 2. d4 d5 3. e5 Bf5 4. Nd2 e6 5. Nb3 Nd7 6. Be3 h6 7. Nf3 a5 8. a4 Ne7
9. Be2 Qc7 10. O-O Bh7 11. Qd2 Nf5 12. Rfc1 Bb4 13. c3 Be7 14. Kh1 Nb6 15. Nc5
Nc4 16. Bxc4 dxc4 17. g4 b6 18. Ne4 Nh4 19. Nd6+ Kd7 20. Nxh4 Bxh4 21. f4 Be7
22. Nxc4 Be4+ 23. Kg1 b5 24. axb5 cxb5 25. Na3 Qb7 26. c4 b4 27. Nb5 g5 28. f5
h5 29. d5 exd5 30. cxd5 Qxb5 31. d6 Bd8 32. Qd4 Qd3 33. e6+ fxe6 34. Qg7+ Ke8
35. Qxh8+ Kd7 36. Qg7+ Ke8 37. Qg8+ 1-0

[Event "M7 Gruppe 1"]
[Site "Koge"]
[Date "2005.03.24"]
[Round "3"]
[White "Jakobsen, Peter"]
[Black "Christensen, Bo Garner"]
[Result "1/2-1/2"]
[WhiteElo "2189"]
[BlackElo "2279"]
[PlyCount "117"]
[EventDate "2005.03.22"]
[EventType "tourn"]
[EventRounds "7"]
[EventCountry "DEN"]

1. c4 Nf6 2. g3 e5 3. Bg2 Nc6 4. Nc3 Bb4 5. Nd5 Bc5 6. a3 a5 7. e3 O-O 8. Ne2
d6 9. O-O Bg4 10. h3 Bh5 11. d3 Re8 12. b3 Qd7 13. Nxf6+ gxf6 14. g4 Bg6 15. d4
Bb6 16. d5 Ne7 17. e4 h5 18. Ng3 hxg4 19. hxg4 Kg7 20. Be3 Rh8 21. Bxb6 cxb6
22. f4 exf4 23. Rxf4 Ng8 24. Qd4 Qc7 25. Raf1 Qc5 26. Ne2 Re8 27. R1f2 Re5 28.
Qxc5 bxc5 29. Nc3 Kf8 30. Nb5 Ke7 31. b4 axb4 32. axb4 cxb4 33. Rb2 Rh4 34.
Rxb4 Nh6 35. Nd4 Rxg4 36. Rxb7+ Kf8 37. Rxg4 Nxg4 38. Nb5 f5 39. exf5 Re1+ 40.
Bf1 Bxf5 41. Nxd6 Bd3 42. Rxf7+ Kg8 43. Rf3 Ne5 44. Rf4 Rc1 45. Kg2 Bxf1+ 46.
Rxf1 Rc2+ 47. Kg3 Nxc4 48. Nf5 Rd2 49. Rc1 Nb6 50. d6 Kf7 51. Kf4 Nd7 52. Re1
Rf2+ 53. Kg5 Rg2+ 54. Kf4 Rf2+ 55. Kg5 Rg2+ 56. Kh4 Kf6 57. Ne3 Rd2 58. Ng4+
Kf5 59. Rf1+ 1/2-1/2

[Event "M7 Gruppe 1"]
[Site "Koge"]
[Date "2005.03.24"]
[Round "3"]
[White "Hvenekilde, Jorgen"]
[Black "Andersen, Tom Juul"]
[Result "1-0"]
[WhiteElo "2150"]
[BlackElo "2111"]
[PlyCount "41"]
[EventDate "2005.03.22"]
[EventType "tourn"]
[EventRounds "7"]
[EventCountry "DEN"]

1. d4 Nf6 2. Bg5 e6 3. e4 h6 4. Bxf6 Qxf6 5. Nf3 c5 6. e5 Qd8 7. d5 exd5 8.
Qxd5 d6 9. Nc3 Qb6 10. Bb5+ Nc6 11. exd6 Be6 12. d7+ Kd8 13. Qe4 a6 14. Bxc6
Qxc6 15. Qxc6 bxc6 16. O-O-O Be7 17. Ne5 Kc7 18. Rhe1 Rhd8 19. Nxf7 Rxd7 20.
Rxe6 Rf8 21. Rxc6+ 1-0

[Event "M7 Gruppe 1"]
[Site "Koge"]
[Date "2005.03.24"]
[Round "3"]
[White "Jensen, Jacob Bjerre"]
[Black "Willumsen, Niels Henrik"]
[Result "0-1"]
[WhiteElo "2177"]
[BlackElo "2156"]
[PlyCount "81"]
[EventDate "2005.03.22"]
[EventType "tourn"]
[EventRounds "7"]
[EventCountry "DEN"]

1. d4 d5 2. c4 c6 3. Nc3 Nf6 4. e3 e6 5. Nf3 Nbd7 6. Bd3 dxc4 7. Bxc4 b5 8. Bd3
a6 9. e4 c5 10. e5 cxd4 11. Nxb5 Nxe5 12. Nxe5 axb5 13. Bxb5+ Bd7 14. Nxd7 Qa5+
15. Bd2 Qxb5 16. Nxf8 Rxf8 17. a4 Qc4 18. b3 Qd3 19. Bb4 Qe4+ 20. Qe2 Rg8 21.
Qxe4 Nxe4 22. Rc1 Kd7 23. O-O Rgc8 24. Rcd1 e5 25. Rfe1 f5 26. f3 Rcb8 27. fxe4
Rxb4 28. exf5 Kd6 29. Rd3 Rab8 30. Rh3 Rxb3 31. Rxh7 R8b7 32. a5 d3 33. Kf2
Rb2+ 34. Ke3 R7b3 35. Rd1 Re2+ 36. Kf3 e4+ 37. Kf4 e3 38. Rh3 Rd2 39. Re1 e2
40. a6 Ra2 41. a7 0-1

[Event "M7 Gruppe 1"]
[Site "Koge"]
[Date "2005.03.25"]
[Round "4"]
[White "Andersen, Dan"]
[Black "Willumsen, Niels Henrik"]
[Result "1-0"]
[WhiteElo "2294"]
[BlackElo "2156"]
[PlyCount "81"]
[EventDate "2005.03.22"]
[EventType "tourn"]
[EventRounds "7"]
[EventCountry "DEN"]

1. c4 e5 2. Nc3 Nc6 3. g3 Nf6 4. Bg2 Bb4 5. e4 O-O 6. Nge2 d6 7. O-O h6 8. a3
Bc5 9. b4 Bb6 10. h3 Be6 11. Nd5 Bd4 12. Rb1 a6 13. b5 axb5 14. Nxf6+ Qxf6 15.
cxb5 Na5 16. Nxd4 exd4 17. d3 c5 18. bxc6 bxc6 19. Bd2 c5 20. f4 c4 21. Bb4 c3
22. Bxd6 Rfc8 23. e5 Qg6 24. Qf3 c2 25. Rbc1 Nb3 26. Rxc2 Rxc2 27. Qxa8+ Rc8
28. Qe4 Bf5 29. Qb7 Rc3 30. g4 Bxd3 31. Re1 Nd2 32. Bb4 Rc2 33. Bxd2 Rxd2 34.
Qb8+ Kh7 35. Qd6 Ra2 36. Qxd4 Rxa3 37. Re3 h5 38. f5 Qa6 39. e6 Ra1+ 40. Kh2
Qa5 41. exf7 1-0

[Event "M7 Gruppe 1"]
[Site "Koge"]
[Date "2005.03.25"]
[Round "4"]
[White "Andersen, Tom Juul"]
[Black "Jensen, Jacob Bjerre"]
[Result "0-1"]
[WhiteElo "2111"]
[BlackElo "2177"]
[PlyCount "82"]
[EventDate "2005.03.22"]
[EventType "tourn"]
[EventRounds "7"]
[EventCountry "DEN"]

1. d4 Nf6 2. Nf3 g6 3. g3 Bg7 4. Bg2 O-O 5. O-O d6 6. Nbd2 c5 7. c3 cxd4 8.
cxd4 Nc6 9. b3 Bf5 10. Bb2 Qd7 11. Nc4 Bh3 12. d5 Nb4 13. e4 Bxg2 14. Kxg2 Na6
15. Nfd2 Nc5 16. Qe2 b5 17. Na3 a6 18. Nc2 e6 19. dxe6 Nxe6 20. Ne3 Nh5 21.
Bxg7 Nhf4+ 22. gxf4 Nxf4+ 23. Kf3 Nxe2 24. Bb2 Nf4 25. Kxf4 Qh3 26. Bf6 h6 27.
Ng4 g5+ 28. Kf5 Qh5 29. Nxh6+ Qxh6 30. Bxg5 Qe6+ 31. Kf4 Qe5+ 32. Kg4 f5+ 33.
exf5 Qxf5+ 34. Kh4 Kf7 35. f4 Rh8+ 36. Kg3 Qh3+ 37. Kf2 Qxh2+ 38. Ke3 Rh3+ 39.
Nf3 Re8+ 40. Kd4 Rxf3 41. Rxf3 Qb2+ 0-1

[Event "M7 Gruppe 1"]
[Site "Koge"]
[Date "2005.03.25"]
[Round "4"]
[White "Christensen, Bo Garner"]
[Black "Hvenekilde, Jorgen"]
[Result "1-0"]
[WhiteElo "2279"]
[BlackElo "2150"]
[PlyCount "55"]
[EventDate "2005.03.22"]
[EventType "tourn"]
[EventRounds "7"]
[EventCountry "DEN"]

1. e4 e5 2. Nf3 d6 3. d4 exd4 4. Bc4 Nc6 5. O-O Bg4 6. c3 Qd7 7. cxd4 Bxf3 8.
gxf3 Nge7 9. Nc3 Ng6 10. Kh1 Be7 11. Rg1 Bf6 12. Be3 Nge7 13. Qd2 a6 14. Rac1
g6 15. f4 Na5 16. Nd5 Nxd5 17. Bxd5 Nc6 18. Qc3 Rb8 19. f5 gxf5 20. Qb3 Nd8 21.
e5 Be7 22. Bf4 h5 23. exd6 Bxd6 24. Rce1+ Ne6 25. Bxe6 fxe6 26. Rxe6+ Kd8 27.
Bxd6 cxd6 28. Qd5 1-0

[Event "M7 Gruppe 1"]
[Site "Koge"]
[Date "2005.03.25"]
[Round "4"]
[White "Paaske, Asger"]
[Black "Jakobsen, Peter"]
[Result "1-0"]
[WhiteElo "2111"]
[BlackElo "2189"]
[PlyCount "87"]
[EventDate "2005.03.22"]
[EventType "tourn"]
[EventRounds "7"]
[EventCountry "DEN"]

1. e4 c5 2. c3 d5 3. exd5 Qxd5 4. d4 Nf6 5. Nf3 e6 6. Na3 Qd8 7. Nc2 Be7 8. Bd3
O-O 9. Ne5 Nbd7 10. O-O cxd4 11. cxd4 Nb6 12. Bg5 Nbd5 13. Ne3 Bd7 14. Re1 Rc8
15. Qf3 Nb4 16. Bb1 Nfd5 17. Qh3 f5 18. Bxe7 Qxe7 19. Nxd5 Nxd5 20. a3 Bc6 21.
Nxc6 Rxc6 22. Ba2 Qd6 23. Qf3 Rd8 24. Re5 Nc7 25. Rae1 Qxd4 26. g3 Re8 27. b4
a6 28. Kg2 h6 29. Qe2 Kh8 30. Rd1 Qc3 31. Re3 Qf6 32. Re5 f4 33. Rd3 fxg3 34.
hxg3 Rc2 35. Qxc2 Qxe5 36. Re3 Qd6 37. Qe2 Nd5 38. Re5 Nc7 39. Bb1 Qc6+ 40. Kh2
Rf8 41. Rc5 Qb6 42. Qc2 Rf5 43. g4 Qd6+ 44. Kg1 1-0

[Event "M7 Gruppe 1"]
[Site "Koge"]
[Date "2005.03.26"]
[Round "5"]
[White "Jakobsen, Peter"]
[Black "Andersen, Dan"]
[Result "0-1"]
[WhiteElo "2189"]
[BlackElo "2294"]
[PlyCount "64"]
[EventDate "2005.03.22"]
[EventType "tourn"]
[EventRounds "7"]
[EventCountry "DEN"]

1. c4 e5 2. g3 Nc6 3. Bg2 g6 4. Nc3 Bg7 5. e4 d6 6. Nge2 Nge7 7. O-O O-O 8. d3
f5 9. Nd5 h6 10. Be3 Kh7 11. Rb1 a5 12. f3 g5 13. Qd2 f4 14. Bf2 Ng6 15. d4 h5
16. c5 dxc5 17. dxc5 Be6 18. Rbd1 Rf7 19. Qc2 Qf8 20. a3 g4 21. gxf4 exf4 22.
Nd4 Nxd4 23. Bxd4 Bxd4+ 24. Rxd4 Ne5 25. Qc3 Qg7 26. Kh1 Rg8 27. Rd2 Qg5 28.
Rdd1 c6 29. Nb6 Rfg7 30. b4 gxf3 31. Bxf3 axb4 32. axb4 Bh3 0-1

[Event "M7 Gruppe 1"]
[Site "Koge"]
[Date "2005.03.26"]
[Round "5"]
[White "Hvenekilde, Jorgen"]
[Black "Paaske, Asger"]
[Result "1/2-1/2"]
[WhiteElo "2150"]
[BlackElo "2111"]
[PlyCount "87"]
[EventDate "2005.03.22"]
[EventType "tourn"]
[EventRounds "7"]
[EventCountry "DEN"]

1. d4 Nf6 2. Bg5 c5 3. d5 Ne4 4. h4 h6 5. Bd2 Qb6 6. Nc3 Nxd2 7. Qxd2 d6 8. e4
g6 9. a4 Bg7 10. Bb5+ Bd7 11. a5 Qd8 12. Bc4 O-O 13. Nge2 Na6 14. h5 g5 15. f4
gxf4 16. Qxf4 Nb4 17. Kd2 e5 18. Qg3 f5 19. exf5 Bxf5 20. Bd3 Nxd3 21. cxd3 Kh8
22. Rhf1 Bh7 23. Rxf8+ Qxf8 24. Ra4 Qf7 25. Qf3 Qe7 26. Ne4 Rf8 27. Qg3 Qf7 28.
N2c3 Qxh5 29. Nxd6 e4 30. Ndxe4 Be5 31. Qh3 Qg6 32. Kc2 Bg8 33. Rc4 b6 34. axb6
axb6 35. b4 Bxc3 36. Nxc3 Rf2+ 37. Kb3 Rxg2 38. Rh4 Kg7 39. Rxh6 Qg5 40. Rh5
Qd2 41. Qd7+ Bf7 42. Rh7+ Kxh7 43. Qxf7+ Kh6 44. Qf6+ 1/2-1/2

[Event "M7 Gruppe 1"]
[Site "Koge"]
[Date "2005.03.26"]
[Round "5"]
[White "Jensen, Jacob Bjerre"]
[Black "Christensen, Bo Garner"]
[Result "1-0"]
[WhiteElo "2177"]
[BlackElo "2279"]
[PlyCount "101"]
[EventDate "2005.03.22"]
[EventType "tourn"]
[EventRounds "7"]
[EventCountry "DEN"]

1. d4 Nf6 2. c4 e6 3. Nc3 c5 4. d5 d6 5. e4 g6 6. Bd3 exd5 7. cxd5 Bg7 8. Nge2
O-O 9. O-O Re8 10. Ng3 Na6 11. h3 Nc7 12. a4 b6 13. f4 a6 14. Qf3 Bd7 15. e5
dxe5 16. fxe5 Rxe5 17. Bf4 Qe7 18. Bxe5 Qxe5 19. Rae1 Qd4+ 20. Kh1 Rf8 21. Re7
c4 22. Bc2 Qc5 23. Re5 Qd6 24. Re2 b5 25. axb5 axb5 26. Rd1 b4 27. Nce4 Nxe4
28. Nxe4 Qb6 29. Bb1 Ba4 30. Bc2 Bb5 31. d6 Ne6 32. Nf6+ Kh8 33. Ree1 Qd8 34.
Nxh7 Kxh7 35. Qh5+ Kg8 36. Qxb5 Nd4 37. Qxc4 Qxd6 38. Re4 Rd8 39. Bb3 Rd7 40.
Qc8+ Rd8 41. Re8+ Rxe8 42. Qxe8+ Kh7 43. Bxf7 Qg3 44. Bg8+ Kh8 45. Rd3 Qg5 46.
Re3 Qf6 47. Rg3 g5 48. Bc4+ Kh7 49. Bd3+ Kh6 50. Qe4 Kh5 51. h4 1-0

[Event "M7 Gruppe 1"]
[Site "Koge"]
[Date "2005.03.26"]
[Round "5"]
[White "Willumsen, Niels Henrik"]
[Black "Andersen, Tom Juul"]
[Result "1-0"]
[WhiteElo "2156"]
[BlackElo "2111"]
[PlyCount "63"]
[EventDate "2005.03.22"]
[EventType "tourn"]
[EventRounds "7"]
[EventCountry "DEN"]

1. e4 c5 2. Nf3 e6 3. d4 cxd4 4. Nxd4 a6 5. Bd3 b5 6. O-O Bb7 7. a4 b4 8. Nd2
Nc6 9. Nxc6 Bxc6 10. e5 Qc7 11. Nf3 Qb7 12. Bf4 h6 13. Re1 g5 14. Bg3 h5 15.
Nxg5 h4 16. Bf4 Bxg2 17. h3 Be7 18. Ne4 Bxh3 19. Qf3 O-O-O 20. Qxh3 f5 21. exf6
Nxf6 22. Nxf6 Bxf6 23. Be4 Rdg8+ 24. Kf1 Qb6 25. Rad1 Bxb2 26. Qb3 Bc3 27. Qc4+
Kd8 28. Rd6 Qa7 29. Red1 e5 30. Rxa6 Qxa6 31. Qxa6 exf4 32. Bf5 1-0

[Event "M7 Gruppe 1"]
[Site "Koge"]
[Date "2005.03.27"]
[Round "6"]
[White "Andersen, Dan"]
[Black "Andersen, Tom Juul"]
[Result "1/2-1/2"]
[WhiteElo "2294"]
[BlackElo "2111"]
[PlyCount "38"]
[EventDate "2005.03.22"]
[EventType "tourn"]
[EventRounds "7"]
[EventCountry "DEN"]

1. c4 Nf6 2. Nc3 g6 3. g3 Bg7 4. Bg2 O-O 5. d4 d6 6. Nf3 Nbd7 7. O-O c5 8. Rb1
Rb8 9. b3 a6 10. a4 cxd4 11. Nxd4 Nc5 12. e4 Bg4 13. Nde2 Qc8 14. f3 Bd7 15.
Be3 b5 16. cxb5 axb5 17. Rc1 bxa4 18. bxa4 Nb3 19. Rc2 Qa6 1/2-1/2

[Event "M7 Gruppe 1"]
[Site "Koge"]
[Date "2005.03.27"]
[Round "6"]
[White "Christensen, Bo Garner"]
[Black "Willumsen, Niels Henrik"]
[Result "1-0"]
[WhiteElo "2279"]
[BlackElo "2156"]
[PlyCount "83"]
[EventDate "2005.03.22"]
[EventType "tourn"]
[EventRounds "7"]
[EventCountry "DEN"]

1. e4 e6 2. Nf3 d5 3. e5 c5 4. b4 d4 5. Bc4 Nh6 6. bxc5 Bxc5 7. d3 Nf5 8. Nbd2
Nc6 9. Ne4 Bb4+ 10. Kf1 h5 11. h4 Be7 12. g3 Na5 13. Bb3 Bd7 14. Qe2 Nxb3 15.
axb3 Bc6 16. Nfg5 Qc7 17. Bf4 Bd5 18. f3 a6 19. Ra2 Bxg5 20. hxg5 O-O-O 21. Kf2
Bxe4 22. fxe4 Ne7 23. Rxh5 Nc6 24. Ra4 Kb8 25. Kg2 Ka7 26. Qd1 Rxh5 27. Qxh5 b5
28. Ra1 Nb4 29. Qe2 Rc8 30. c4 dxc3 31. d4 Qc6 32. Qf3 c2 33. Bd2 Rc7 34. Rc1
Na2 35. d5 Qd7 36. Qe3+ Kb8 37. d6 Rc8 38. Ra1 c1=Q 39. Bxc1 Rc2+ 40. Bd2 Kb7
41. Kf3 Qc6 42. Qd3 1-0

[Event "M7 Gruppe 1"]
[Site "Koge"]
[Date "2005.03.27"]
[Round "6"]
[White "Paaske, Asger"]
[Black "Jensen, Jacob Bjerre"]
[Result "1-0"]
[WhiteElo "2111"]
[BlackElo "2177"]
[PlyCount "127"]
[EventDate "2005.03.22"]
[EventType "tourn"]
[EventRounds "7"]
[EventCountry "DEN"]

1. e4 e6 2. d4 d5 3. Nd2 Nf6 4. e5 Nfd7 5. Bd3 c5 6. c3 Nc6 7. Ne2 cxd4 8. cxd4
f6 9. exf6 Qxf6 10. Nf3 h6 11. O-O Bd6 12. a3 O-O 13. Bc2 Rd8 14. Qd3 Nf8 15.
Ng3 Bd7 16. Be3 Be8 17. Qd2 Rac8 18. Rac1 Rc7 19. Rfe1 b5 20. b4 a5 21. bxa5
Bxa3 22. Rb1 Bb4 23. Rxb4 Nxb4 24. Bb1 Nc6 25. Ne5 Ra8 26. Rc1 Rac8 27. Nxc6
Rxc6 28. Rxc6 Rxc6 29. Bd3 Rc7 30. a6 Ra7 31. Qa5 e5 32. Bxb5 exd4 33. Bxe8
dxe3 34. Qxd5+ Kh8 35. fxe3 Rxa6 36. Bb5 Ra5 37. h3 Qb6 38. Qf3 Ng6 39. Bd3 Re5
40. Kh2 Re8 41. Qf7 Rxe3 42. Qxg6 Qxg6 43. Bxg6 Rb3 44. Be4 Re3 45. Bf3 Ra3 46.
Ne4 Kg8 47. Kg3 Kf8 48. Kf4 Ra5 49. Nf2 g6 50. Ng4 Kg7 51. Be4 Rb5 52. Ne5 Rb2
53. h4 Rf2+ 54. Bf3 h5 55. Kg5 Ra2 56. g3 Ra5 57. Kf4 Ra6 58. Be4 Ra1 59. Nxg6
Rf1+ 60. Ke5 Rd1 61. Nf4 Kh6 62. Ne2 Re1 63. Nd4 Rf1 64. Nf5+ 1-0

[Event "M7 Gruppe 1"]
[Site "Koge"]
[Date "2005.03.27"]
[Round "6"]
[White "Jakobsen, Peter"]
[Black "Hvenekilde, Jorgen"]
[Result "1/2-1/2"]
[WhiteElo "2189"]
[BlackElo "2150"]
[PlyCount "27"]
[EventDate "2005.03.22"]
[EventType "tourn"]
[EventRounds "7"]
[EventCountry "DEN"]

1. c4 Nf6 2. g3 g6 3. Bg2 Bg7 4. Nc3 O-O 5. d3 d6 6. Bg5 c6 7. e4 a6 8. Qd2 b5
9. Nge2 bxc4 10. dxc4 a5 11. O-O Ba6 12. Rfd1 Nbd7 13. Nd4 Ne5 14. b3 1/2-1/2

[Event "M7 Gruppe 1"]
[Site "Koge"]
[Date "2005.03.28"]
[Round "7"]
[White "Hvenekilde, Jorgen"]
[Black "Andersen, Dan"]
[Result "1-0"]
[WhiteElo "2150"]
[BlackElo "2294"]
[PlyCount "99"]
[EventDate "2005.03.22"]
[EventType "tourn"]
[EventRounds "7"]
[EventCountry "DEN"]

1. d4 d6 2. Nf3 Nf6 3. c4 Nbd7 4. Nc3 e5 5. e4 Be7 6. Be2 O-O 7. O-O c6 8. h3
Kh8 9. Be3 a6 10. a3 g6 11. Qc2 Nh5 12. dxe5 dxe5 13. Rfd1 Qe8 14. b4 f5 15. c5
Ng7 16. Bh6 Rf6 17. Bg5 Rf8 18. Bh6 Rf6 19. Bc4 Ne6 20. Qb3 Bf8 21. Bc1 h6 22.
Bb2 Ng5 23. Nxg5 hxg5 24. Rd2 b5 25. Be2 Be7 26. Nd1 Kh7 27. Ne3 Bd8 28. Rad1
Bc7 29. exf5 gxf5 30. Qc2 Nf8 31. g4 Ne6 32. gxf5 Nf4 33. Bg4 Kg7 34. Qe4 a5
35. Rd6 Bxd6 36. cxd6 Kg8 37. Bxe5 Bd7 38. Qd4 Rf7 39. Bxf4 gxf4 40. Qxf4 Qf8
41. Kh2 axb4 42. axb4 Rf6 43. Rd4 Rd8 44. Bd1 Kh8 45. Qg5 Rh6 46. Ng4 Rxd6 47.
Qh4+ Kg8 48. Bb3+ Kg7 49. Qg5+ Kh8 50. Ne5 1-0

[Event "M7 Gruppe 1"]
[Site "Koge"]
[Date "2005.03.28"]
[Round "7"]
[White "Jensen, Jacob Bjerre"]
[Black "Jakobsen, Peter"]
[Result "1-0"]
[WhiteElo "2177"]
[BlackElo "2189"]
[PlyCount "93"]
[EventDate "2005.03.22"]
[EventType "tourn"]
[EventRounds "7"]
[EventCountry "DEN"]

1. d4 d5 2. c4 e6 3. Nc3 c5 4. cxd5 exd5 5. Nf3 Nc6 6. g3 Nf6 7. Bg2 Be7 8. O-O
O-O 9. dxc5 Bxc5 10. Bg5 d4 11. Bxf6 Qxf6 12. Nd5 Qd6 13. Nd2 Re8 14. Rc1 Bb6
15. Re1 Bg4 16. h3 Be6 17. Nf4 Qd7 18. a3 Bf5 19. g4 Be6 20. Ne4 Rad8 21. Nh5
Qe7 22. Qd2 f5 23. Ng5 Bc8 24. b4 Kh8 25. gxf5 Bxf5 26. Ng3 Rf8 27. N5e4 Bg6
28. Nc5 Qf7 29. Rf1 Bxc5 30. Rxc5 d3 31. e3 Rfe8 32. Rfc1 Qe6 33. b5 Ne5 34. f4
Nd7 35. f5 Qxe3+ 36. Qxe3 Rxe3 37. Nf1 Nxc5 38. Nxe3 d2 39. Rxc5 d1=Q+ 40. Nxd1
Rxd1+ 41. Kf2 Bf7 42. Rc8+ Bg8 43. Bxb7 h6 44. Bf3 Rd7 45. Bc6 Rd6 46. Be8 Rf6
47. Bg6 1-0